quizz lieux de Saint Gilles Croix de Vie n°1 - Statistiques

Statistiques générales
  • Ce quiz a été pris 21 fois
  • Le résultat moyen est 4 sur 8
Statistiques - réponses
Par images Réponse % Correct
la rue pietonne
100%
fête foraine
77%
la grande plage
77%
cinemarine
69%
les halles de la vie
38%
lycée Adeline Boutain
31%
boivinet
15%
salle Marie Beaucaire
15%
Aucun quiz correspondant
Distribution des résultats
% des personnes avec chaque résultat
Percentile par nombre de réponses
Votre historique - résultats
Vous n’avez pas pris ce quiz